Śródlądowe stany USA (z mapą) - Statystyki

Ogólne statystyki
  • Ten quiz został rozwiązany 41 razy
  • Średni wynik to 20 z 26
Odpowiedzi na mapie
Odpowiedzi zakodowano w zielono-czerwonej skali na mapie do tego quizu, zgodnie z poniższymi procentami.
 
Statystyki odpowiedzi
Odpowiedź % Poprawnych
Dakota Południowa
93%
Dakota Północna
90%
Nevada
90%
Nowy Meksyk
85%
Arizona
83%
Idaho
83%
Kolorado
83%
Missouri
83%
Montana
83%
Oklahoma
80%
Tennessee
80%
Utah
80%
Wyoming
80%
Iowa
76%
Kansas
76%
Kentucky
76%
Minnesota
76%
Ohio
76%
Arkansas
73%
Nebraska
73%
Wirginia Zachodnia
73%
Indiana
71%
Michigan
68%
Vermont
66%
Wisconsin
66%
Ilinois
39%
Nie znaleziono quizów pasujących do podanych kryteriów
Rozkład punktacji
Procent ludzi z każdym wynikiem
Percentyl według liczby udzielonych odpowiedzi
Twoja historia wyników
Nie rozwiązałeś tego quizu